Normal view MARC view

Entry Personal Name

Number of records used in: 1

001 - CONTROL NUMBER

  • control field: 7700

003 - CONTROL NUMBER IDENTIFIER

  • control field: OSt

005 - DATE AND TIME OF LATEST TRANSACTION

  • control field: 20211028144217.0

008 - FIXED-LENGTH DATA ELEMENTS

  • fixed length control field: 211028|| aca||aabn | a|a d

040 ## - CATALOGING SOURCE

  • Original cataloging agency: OSt
  • Transcribing agency: OSt

100 ## - HEADING--PERSONAL NAME

  • Personal name: Andrdae, Rilma Renisha; D Souza, Rayan.
  • Miscellaneous information: 1516125

670 ## - SOURCE DATA FOUND

  • Source citation: Work cat.: (OSt): Andrdae, Rilma Renisha; D Souza, Rayan. 1516125, Project report on inconvenience of the employees at big bazaar Attavar Mangalore, 2017